| 000 | 00000nam##2200000za#4500 |
| 001 | 9.572152 |
| 003 | CaOODSP |
| 005 | 20231208112823 |
| 007 | cr ||||||||||| |
| 008 | 150406|2008||||xxc|||||o f|0| 0 eng|d |
| 040 | |aCaOODSP|beng |
| 043 | |an-cn--- |
| 086 | 1 |aPS83-5/R201E-PDF |
| 110 | 1 |aCorrectional Service Canada. |bResearch Branch. |
| 245 | 10|aWomen offenders' protective factors : |h[electronic resource]|bpromoting successful community reintegration / |cprepared by Renée Gobeil & Kim Allenby. |
| 260 | |bCorrectional Service Canada. |cNovember 2008. |
| 300 | |a1p.|bgraph |
| 490 | 1 |aResearch at a glance|vR201 |
| 500 | |aFor the associated Research Report, please see catalogue number PS83-3/201E-PDF. |
| 504 | |aBibliography. |
| 590 | |a11-27-Supp|b2011-11-15 |
| 720 | 1 |aGobeil, Renée |
| 720 | 1 |aAllenby, Kim |
| 775 | 08|tFacteurs de protection des délinquantes : |w(CaOODSP)9.602564 |
| 830 | #0|aResearch at a glance (Correctional Service Canada)|vR201|w(CaOODSP)9.506649 |
| 856 | 40|ahttp://publications.gc.ca|qPDF|s107 KB|uhttps://publications.gc.ca/collections/collection_2011/scc-csc/PS83-5-R201-eng.pdf|yR201 |